Max Weber y la teoría política moderna
Saved in:
| Main Author: | |
|---|---|
| Format: | Book |
| Language: | Spanish |
| Published: |
Madrid
Centro de Estudios Constitucionales
1979
|
| Series: | Ideologías Contemporáneas
|
| Subjects: | |
| Tags: |
Add Tag
No Tags, Be the first to tag this record!
|
MARC
| LEADER | 00000cam a2200000 a 4500 | ||
|---|---|---|---|
| 001 | UCP6644 | ||
| 003 | CL-VaPUC | ||
| 008 | 991112e19790000SP |||||||||||||||||spa|d | ||
| 020 | |a 8425906199 | ||
| 082 | 0 | 4 | |a 320.01 |b BEE |2 21 |
| 100 | 0 | |a Beetham, David |e author |9 435819 | |
| 245 | 1 | 0 | |a Max Weber y la teoría política moderna |
| 300 | |a 459 p | ||
| 942 | |c BK | ||
| 945 | |d 19991112 00:00:00 |a crobeson | ||
| 260 | |a Madrid |b Centro de Estudios Constitucionales |c 1979 | ||
| 600 | 0 | 7 | |a WEBER, MAX |2 CL-VaPUC |9 314708 |
| 650 | 7 | |a TEORIA POLITICA |2 CL-VaPUC |9 435820 | |
| 650 | 7 | |a FILOSOFIA POLITICA |2 CL-VaPUC |9 435821 | |
| 650 | 0 | |a Clases sociales |9 256858 | |
| 651 | 0 | |a Alemania |9 255688 | |
| 651 | 0 | |a Rusia |9 256106 | |
| 583 | |a last modification |c 20120611 10:42:40 |k Rodrigo Vera | ||
| 490 | 0 | |a Ideologías Contemporáneas | |
| 999 | |c 284115 |d 284113 | ||
| 952 | |0 0 |1 0 |4 0 |6 320_010000000000000_BEE_1979 |7 0 |8 A |9 327880 |a BIBHIS |b BIBHIS |d 2019-11-20 |i 1370960 |o 320.01 BEE 1979 |p 1370960 |r 2025-01-20 |w 2019-11-20 |y BK |k HIS | ||